000 02889nam a2200373Ia 4500
001 bslw09259560
003 UtOrBLW
005 20210303085109.0
006 m o d
007 cr un|||||||||
008 140821s2014 enk o 000 0 eng d
020 _a9781783504466 (electronic bk.)
040 _aUtOrBLW
050 4 _aHF5630
_b.A38 2014
072 7 _aKFC
_2bicssc
072 7 _aKF
_2bicssc
072 7 _aBUS001010
_2bisacsh
080 _a657
082 0 4 _a657.072
_223
245 0 0 _aAdvances in accounting behavioral research.
_nVol. 17
_h[electronic resource] /
_cedited by Donna Bobek Schmitt.
260 _aBingley, U.K. :
_bEmerald,
_c2014.
300 _a1 online resource (xvi, 217 p.)
490 0 _aAdvances in accounting behavioral research,
_x1475-1488
505 0 _aThe impact of rule precision, information ambiguity, and conflicting incentives on aggressive reporting / Alisa G. Brink, Eric Gooden, Meha Kohli Mishra -- The impact of sole and joint responsibility on managers' escalation of commitment to unprofitable projects : an experimental investigation / Vincent K. Chong, Matt Wan -- An investigation of big five personality and propensity to commit white-collar crime / Michael J. Turner -- Leadership, budget participation, budgetary fairness, and organizational commitment / James M. Kohlmeyer ... [et al.] -- A tax planning case using a taxpayer life-cycle approach / Charles F. Kelliher -- A research note on the relationship between professional skepticism and client advocacy / Donna Bobek Schmitt, Amy M. Hageman, Robin R. Radtke -- Construct validity of organizational appeal : a newly identified influence tactic to elicit professional accountants' task commitment / Brad S. Trinkle, Marco Lam.
520 _aAdvances in accounting behavioral research publishes high-quality research encompassing all areas of accounting including financial, auditing, taxation, managerial and information systems, addressing a broad range of issues that affect the users, preparers and assurers of accounting information. Further, this research incorporates theory from, and contributes knowledge and understanding to, applied psychology, sociology, management science, and behavioral economics. Volume 17 of Advances in accounting behavioral research exemplifies this focus by including papers investigating group versus individual decision making, decision making under rules versus principal based standards, and white collar crime, among others.
588 0 _aPrint version record
650 7 _aBusiness & Economics
_xAccounting
_xFinancial.
_2bisacsh
650 7 _aAccounting.
_2bicssc
650 7 _aFinance & accounting.
_2bicssc
650 0 _aAccounting
_xPsychological aspects
_xResearch.
700 1 _aSchmitt, Donna Bobek.
776 1 _z9781783504459
856 4 0 _uhttps://www.emerald.com/insight/publication/doi/10.1108/S1475-1488201417
999 _c30796
_d30796